Normal view
MARC view
Entry Personal Name
001 - CONTROL NUMBER
- control field: 213771
003 - CONTROL NUMBER IDENTIFIER
- control field: OSt
005 - DATE AND TIME OF LATEST TRANSACTION
- control field: 20220924142628.0
008 - FIXED-LENGTH DATA ELEMENTS
- fixed length control field: 220924|| aca||aabn | a|a d
040 ## - CATALOGING SOURCE
- Original cataloging agency: OSt
- Transcribing agency: OSt
100 ## - HEADING--PERSONAL NAME
- Personal name: Khatun Raushanar
670 ## - SOURCE DATA FOUND
- Source citation: Work cat.: (OSt)451392: Khatun Raushanar , Mor madhya asia bhrama kahini aru pabitra haj jatra, 1983
